000 00586nam a2200181 4500
001 5069
005 20181127174716.0
020 _a9789993671107
_c
_z
090 0 0 _a954.98092 K521tr 2015
245 0 0 _aTribute from Royal Thimphu College /
_b
_cRoyal Thimphu College.
_h
250 0 0 _a1st ed.
260 0 0 _aThimphu :
_bRoyal Thimphu College,
_c2015.
300 0 0 _a95 p. : col. ill. ; 24 cm.
500 0 0 _a11 November 2015(60th Birth anniversary).
650 0 0 _aBhutan --Kings and rulers.
_x
650 0 0 _aJigme Singye Wangchuck, King of Bhutan, 1955.
_x
999 _c4236
_d4236